Statistics for United States by Each State's GDP - Map Quiz

Click here to take the quiz!

General Stats

  • This quiz has been taken 314 times
  • The average score is 6 of 50

Answers on the Map

Answers color-coded by a green-red scale on the quiz's map according to % correct below.
 

Answer Stats

Answer% Correct
2,622,731
77%
1,599,283
67%
1,500,055
53%
926,049
49%
796,012
37%
31,091
28%
719,834
24%
626,622
21%
38,328
18%
575,331
15%
531,302
12%
46,227
11%
505,776
11%
108,495
9%
521,621
9%
93,594
9%
53,453
8%
57,529
8%
117,446
7%
476,770
7%
48,354
7%
492,932
7%
50,404
7%
196,681
6%
228,886
6%
305,849
6%
331,868
6%
347,249
6%
382,437
6%
490,238
6%
68,377
6%
71,453
6%
72,861
6%
84,671
6%
121,383
5%
150,576
5%
157,671
5%
185,183
5%
205,625
5%
209,859
5%
236,999
5%
259,918
5%
299,113
5%
313,088
5%
322,644
5%
59,295
5%
77,208
5%
146,278
4%
181,278
4%
339,096
4%

Score Distribution

Percentile by Number Answered

Percent of People with Each Score

Your Score History

You have not taken this quiz